000 00949nam a2200289Ia 4500
999 _c4493
_d4493
003 OSt
005 20200527170659.0
008 191128s9999 xx 000 0 und d
020 _a9789583019319
040 _aCO-JMCR
_cCO-JMCR
041 _aspa
082 _aC /
_bPRIp
100 _aPrimusová, Hanna,
_eautora
_94769
245 0 _aEl pueblo de papel /
245 0 _cuna historia de Hanna Primusová ; ilustrada por Estelle Meens
250 _aPrimera edición
260 _aBogotá
260 _bPanamericana
260 _c2009
300 _a87 páginas
300 _b ilustraciones a color
300 _c 17 cm.
520 _aVirginia no juega nunca con muñecas; prefiere los animalitos de peluche, espuma o caucho… A la niña le gustaría que cada uno de sus amigos tuviera una bonita casa, pero ¿cómo hacer?
650 _aCuentos infantiles
_94770
700 _aMeens, Estelle,
_eilustradora
_94771
942 _2ddc
_cBK